书目信息 |
| 题名: |
中国的语言学研究与应用
|
|
| 作者: | 董燕萍 , 王初明 编 | |
| 分册: | ||
| 出版信息: | 上海 上海外语教育出版社 2001.10 |
|
| 页数: | 554页 | |
| 开本: | 20cm | |
| 丛书名: | ||
| 单 册: | ||
| 中图分类: | H , H0 | |
| 科图分类: | ||
| 主题词: | 语言学 | |
| 电子资源: | ||
| ISBN: | 7-81080-204-6 | |
| 000 | 00729nam0 2200217 45 | |
| 001 | 0359534543 | |
| 005 | 2003062416321454 | |
| 010 | @a7-81080-204-6@dRMB 22.80 | |
| 100 | @a20030624d2001 km y0chiy0120 ea | |
| 101 | 0 | @achi |
| 200 | 1 | @a中国的语言学研究与应用@Azhong guo de yu yan xue yan jiu yu ying yong@e庆祝桂诗春教授七十华誔@f董燕萍,王初明编@FDong Yan Ping,Wang Chu Ming Bian |
| 210 | @a上海@c上海外语教育出版社@d2001.10 | |
| 215 | @a554页@d20cm | |
| 517 | @a庆祝桂诗春教授七十华誔@AQing Zhu Gui Shi Chun Jiao Shou Qi Shi Hua Ting | |
| 606 | 0 | @a语言学 |
| 690 | @aH@v4 | |
| 690 | @aH0@v3 | |
| 701 | 0 | @a董燕萍@ADong Yan Ping@4编 |
| 701 | 0 | @a王初明@AWang Chu Ming@4编 |
| 801 | 0 | @aCN@bPFT@c20030624 |
| 905 | @a@dH0@eD752 | |
| 中国的语言学研究与应用:庆祝桂诗春教授七十华誔/董燕萍,王初明编.-上海:上海外语教育出版社,2001.10 |
| 554页;20cm |
| ISBN 7-81080-204-6:RMB 22.80 |
| ● |
| 相关链接 |
|
|
|
正题名:中国的语言学研究与应用
索取号:H0/D752
 
预约/预借
| 序号 | 登录号 | 条形码 | 馆藏地/架位号 | 状态 | 备注 |
| 1 | 371334 | 203713348 | 语言库209/209语言库 61排1列5层/ [索取号:H0/D752] | 在馆 | |
| 2 | 371335 | 203713357 | 语言库209/209语言库 61排1列5层/ [索取号:H0/D752] | 在馆 | |
| 3 | 371336 | 203713366 | 语言库209/209语言库 61排1列5层/ [索取号:H0/D752] | 在馆 |